| 000 | 00342 a2200109 4500 | ||
|---|---|---|---|
| 001 | ART_38117 | ||
| 005 | 20260410161738.0 | ||
| 008 | 260409a | ||
| 245 | 1 | 0 | _aLa mecánica de la aplicación del derecho civil en el plano laboral |
| 100 | 1 | _aFormaro, Juan J. | |
| 773 | 0 |
_tDoctrina laboral _g- Nº 358 (jun. 2015) _wREV4049 |
|
| 999 |
_c18520 _d18520 |
||